Perl best practices / (Record no. 5)

MARC details
000 -LEADER
fixed length control field 01051cam a22002897a 4500
001 - CONTROL NUMBER
control field 14207979
005 - DATE AND TIME OF LATEST TRANSACTION
control field 20200421093816.0
008 - FIXED-LENGTH DATA ELEMENTS--GENERAL INFORMATION
fixed length control field 051222s2005 caua b 001 0 eng d
010 ## - LIBRARY OF CONGRESS CONTROL NUMBER
LC control number 2005284585
020 ## - INTERNATIONAL STANDARD BOOK NUMBER
International Standard Book Number 0596001738 (pbk.)
035 ## - SYSTEM CONTROL NUMBER
System control number (OCoLC)ocm61231154
040 ## - CATALOGING SOURCE
Original cataloging agency VYR
Transcribing agency VYR
Modifying agency BAKER
-- IXA
-- DGU
-- DLC
042 ## - AUTHENTICATION CODE
Authentication code lccopycat
050 00 - LIBRARY OF CONGRESS CALL NUMBER
Classification number QA76.73.P22
Item number C384 2005
082 00 - DEWEY DECIMAL CLASSIFICATION NUMBER
Classification number 005.13/3
Edition information 22
100 1# - MAIN ENTRY--PERSONAL NAME
Personal name Conway, Damian
Dates associated with a name 1964-
9 (RLIN) 4
245 10 - TITLE STATEMENT
Title Perl best practices /
Statement of responsibility, etc. Damian Conway.
250 ## - EDITION STATEMENT
Edition statement 1st ed.
260 ## - PUBLICATION, DISTRIBUTION, ETC.
Place of publication, distribution, etc. Sebastopol, CA :
Name of publisher, distributor, etc. O'Reilly,
Date of publication, distribution, etc. c2005.
300 ## - PHYSICAL DESCRIPTION
Extent xxii, 517 :
Other physical details ill. ;
Dimensions 24 cm.
504 ## - BIBLIOGRAPHY, ETC. NOTE
Bibliography, etc. note Includes bibliographical references (p. 493-494) and index.
650 #0 - SUBJECT ADDED ENTRY--TOPICAL TERM
Topical term or geographic name entry element Perl (Computer program language)
9 (RLIN) 19
856 42 - ELECTRONIC LOCATION AND ACCESS
Materials specified Publisher description
Uniform Resource Identifier <a href="http://www.loc.gov/catdir/enhancements/fy0715/2005284585-d.html">http://www.loc.gov/catdir/enhancements/fy0715/2005284585-d.html</a>
906 ## - LOCAL DATA ELEMENT F, LDF (RLIN)
a 7
b cbc
c copycat
d 2
e ncip
f 20
g y-gencatlg
942 ## - ADDED ENTRY ELEMENTS (KOHA)
Source of classification or shelving scheme Dewey Decimal Classification
Koha item type Books

No items available.